Memoria: versión preliminar. El Papel de la sociedad civil en los procesos de desarrollo: un diálogo multisectorial /
Enregistré dans:
| Collectivités auteurs: | , |
|---|---|
| Format: | Texte |
| Publié: |
San José:
Fundación ACCESO
|
| Sujets: | |
| Tags: |
Ajouter un tag
Pas de tags, Soyez le premier à ajouter un tag!
|
MARC
| LEADER | 00000 a a2200000 04500 | ||
|---|---|---|---|
| 001 | 33184 | ||
| 003 | |||
| 040 | |||
| 090 | |a 206800 | ||
| 110 | |a Fundación Acceso | ||
| 245 | |a Memoria: versión preliminar. El Papel de la sociedad civil en los procesos de desarrollo: un diálogo multisectorial / |c Fundación Acceso | ||
| 260 | |a San José: |b Fundación ACCESO | ||
| 650 | |a SOCIEDAD CIVIL | ||
| 650 | |a CONFERENCIAS | ||
| 650 | |a DESARROLLO ECONOMICO Y SOCIAL | ||
| 650 | |a DOCUMENTOS | ||
| 650 | |a INVESTIGACION | ||
| 650 | |a AMERICA LATINA | ||
| 710 | |a Universidad Estatal a Distancia. Producción Electrónica Multimedial | ||
| 999 | |c 17268 |d 17268 | ||
